[Event "GER HS-018 email"]
[Site "GER email"]
[Date "2006.07.23"]
[Round "?"]
[White "Koentges, Markus"]
[Black "Wemhoener, Wolfgang"]
[Result "0-1"]
[WhiteElo "2064"]
[BlackElo "2023"]
[PlyCount "114"]
[EventDate "2006.??.??"]
[EventType "tourn (corr)"]
[EventRounds "6"]
[EventCountry "GER"]
[SourceTitle "Corr 2008"]
[Source "ChessBase"]
[SourceDate "2008.06.24"]
[SourceVersion "1"]
[SourceVersionDate "2008.06.24"]
[SourceQuality "1"]

1. e4 c5 2. Nf3 Nc6 3. d4 cxd4 4. Nxd4 Nf6 5. Nc3 e5 6. Ndb5 d6 7. Bg5 a6 8. Na3 b5 9. Bxf6 gxf6 10. Nd5 f5 11. c3 Bg7 12. exf5 Bxf5 13. Nc2 0-0 14. Nce3 Be6 15. Bd3 f5 16. 0-0 Kh8 17. Qh5 e4 18. Bc2 Ne5 19. Nf4 Bd7 20. Ned5 Be8 21. Qh3 Bd7 22. a4 Qg5 23. Qh5 h6 24. axb5 Bxb5 25. Rfd1 Qxh5 26. Nxh5 Be2 27. Nxg7 Bxd1 28. Bxd1 Kxg7 29. Nc7 Rab8 30. Ne6+ Kf7 31. Nxf8 Rxb2 32. Nh7 Kg7 33. h4 a5 34. Kf1 Kxh7 35. Rxa5 f4 36. Ra4 Rb1 37. Ke2 d5 38. Rd4 Nd3 39. Bc2 Rb2 40. Kd1 Nxf2+ 41. Kc1 Ra2 42. Kb1 Ra8 43. Rd2 Nh1 44. Rxd5 Ng3 45. Kb2 Rb8+ 46. Kc1 Kg7 47. Kd1 Kf6 48. Ra5 h5 49. Ra4 Kf5 50. Kd2 Rb7 51. Rd4 Ke5 52. Ra4 e3+ 53. Kd3 Re7 54. Ra5+ Kf6 55. Ra6+ Kf5 56. Ra1 Kg4 57. Ba4 e2 0-1

[Event "GER HS-018 email"]
[Site "GER email"]
[Date "2006.07.23"]
[Round "?"]
[White "Schmidt, Horst W"]
[Black "Wemhoener, Wolfgang"]
[Result "1/2-1/2"]
[WhiteElo "1919"]
[BlackElo "2023"]
[PlyCount "61"]
[EventDate "2006.??.??"]
[EventType "tourn (corr)"]
[EventRounds "6"]
[EventCountry "GER"]
[SourceTitle "Corr 2008"]
[Source "ChessBase"]
[SourceDate "2008.06.24"]
[SourceVersion "1"]
[SourceVersionDate "2008.06.24"]
[SourceQuality "1"]

1. d4 Nf6 2. c4 e6 3. Nc3 Bb4 4. e3 0-0 5. Bd3 c5 6. Nf3 d5 7. 0-0 b6 8. cxd5 exd5 9. dxc5 bxc5 10. Ne2 Bb7 11. b3 Ne4 12. Bb2 Nd7 13. Qc2 Qe7 14. Rad1 Ba5 15. Nf4 Rab8 16. a3 Rfc8 17. Bxe4 dxe4 18. Nd2 Rd8 19. Nc4 Bc7 20. Nd5 Bxd5 21. Rxd5 Nb6 22. Rh5 Rd5 23. Rxd5 Nxd5 24. Rd1 Rd8 25. h3 h6 26. Rd2 Nb6 27. Qc3 f6 28. Kf1 Nd5 29. Qc2 Qe6 30. Qd1 Rd7 31. Kg1 1/2-1/2

[Event "GER HS-013 email"]
[Site "GER email"]
[Date "2006.05.20"]
[Round "?"]
[White "Wemhoener, Wolfgang"]
[Black "Pupke, Peter"]
[Result "1/2-1/2"]
[WhiteElo "2023"]
[BlackElo "2013"]
[PlyCount "73"]
[EventDate "2006.??.??"]
[EventType "tourn (corr)"]
[EventRounds "6"]
[EventCountry "GER"]
[SourceTitle "Corr 2008"]
[Source "ChessBase"]
[SourceDate "2008.06.24"]
[SourceVersion "1"]
[SourceVersionDate "2008.06.24"]
[SourceQuality "1"]

1. e4 c5 2. Nf3 Nc6 3. d4 cxd4 4. Nxd4 Nf6 5. Nc3 e5 6. Ndb5 d6 7. Bg5 a6 8. Na3 b5 9. Nd5 Be7 10. Bxf6 Bxf6 11. c3 0-0 12. Nc2 Rb8 13. Be2 Bg5 14. 0-0 a5 15. b4 Be6 16. a4 bxa4 17. Rxa4 axb4 18. Ncxb4 Qd7 19. Ra6 Nxb4 20. cxb4 Bxd5 21. Qxd5 Rxb4 22. Rxd6 Qc7 23. Rc6 Qe7 24. Bc4 Rfb8 25. g3 h6 26. f4 exf4 27. gxf4 Bh4 28. Qf5 R4b6 29. Rxb6 Rxb6 30. Qc8+ Kh7 31. Bd5 Qa3 32. e5 Qd3 33. Qc4 Qd2 34. Bg2 Rb2 35. Qe4+ Kg8 36. Kh1 Bd8 37. h3 1/2-1/2